000 00623nam a2200157 i 4500
001 179914
003 ES-MaACL
005 20230906220935.0
008 120224s1914 sp |||| | spa d
110 2 _aFederación Nacional de Contratistas de Obras Públicas (España)
_9149444
245 1 0 _aExposición presentada á las Cortes por la Federación Nacional de Contratistas de Obras Públicas
_b: Madrid, 13 de noviembre de 1914.
260 _aMadrid :
_b[s.n.,
_c1914?] (
_fImpr. de los Hijos de T. Minuesa)
300 _a16 p. ;
_c24 cm.
650 4 _aObras públicas-
_zEspaña.
_9149445
852 _aES-MaACL
_jT-1437-F-8
999 _c179914
_d179914